000 00426nam a2200181Ia 4500
001 4764
005 20260306145819.0
008 260306t1997||||xx |||||||||||||| ||spa||
041 _aESP
082 _a330.015195
_bU77A
100 _aUriel, Ezequiel
_eAUT
245 0 _aEconometrĂ­a:
_bel modelo lineal
260 _c1997
300 _as. páginas :
_c24 cm.
650 _aGEN
654 _aCAN
942 _cLIB
_dJUS
_fJUS
_2ddc
_n
999 _c4764
_d4764